[Event "Split op 12th"]
[Site "Split"]
[Date "2023.08.13"]
[Round "9"]
[White "Radenic, Filip"]
[Black "Loncar, Robert"]
[Result "1-0"]
[WhiteElo "2195"]
[BlackElo "2353"]
[PlyCount "57"]
[EventDate "2023.08.05"]
[EventType "swiss"]
[EventRounds "9"]
[EventCountry "CRO"]
[SourceTitle "CBM 215 Extra"]
[Source "ChessBase"]
[SourceDate "2023.09.30"]
[SourceVersion "1"]
[SourceVersionDate "2023.09.30"]
[SourceQuality "1"]

1. d4 Nf6 2. c4 e6 3. Nc3 Bb4 4. e3 0-0 5. Bd3 d5 6. Nf3 dxc4 7. Bxc4 b6 8. a3 Bxc3+ 9. bxc3 Ba6 10. Bxa6 Nxa6 11. Qe2 Qc8 12. e4 Qb7 13. e5 Nd7 14. 0-0 Rfe8 15. Ng5 Nf8 16. f4 h6 17. Ne4 Rad8 18. f5 exf5 19. Rxf5 Qc8 20. Qg4 Ng6 21. Bxh6 gxh6 22. Nf6+ Kh8 23. Qh3 Kg7 24. Nxe8+ Rxe8 25. Raf1 Nh8 26. Qg4+ Kf8 27. Qh5 Kg8 28. Rxf7 Qe6 29. R7f6 1-0

[Event "Split op 12th"]
[Site "Split"]
[Date "2023.08.09"]
[Round "6"]
[White "Loncar, Robert"]
[Black "Osmanovic, Faruk"]
[Result "1/2-1/2"]
[WhiteElo "2353"]
[BlackElo "1969"]
[PlyCount "59"]
[EventDate "2023.08.05"]
[EventType "swiss"]
[EventRounds "9"]
[EventCountry "CRO"]
[SourceTitle "CBM 215 Extra"]
[Source "ChessBase"]
[SourceDate "2023.09.30"]
[SourceVersion "1"]
[SourceVersionDate "2023.09.30"]
[SourceQuality "1"]

1. d4 d5 2. c4 c6 3. Nf3 Nf6 4. cxd5 cxd5 5. Nc3 Nc6 6. Bf4 Bf5 7. Qb3 a6 8. Qxb7 Na5 9. Qc7 Qxc7 10. Bxc7 Nc4 11. Nh4 Bd7 12. b3 Na3 13. Rc1 e6 14. Bf4 Bb4 15. Bd2 Rc8 16. f3 Nb5 17. Nd1 Rxc1 18. Bxb4 g5 19. Bd2 Ra1 20. Bxg5 Ke7 21. e4 h6 22. Bxf6+ Kxf6 23. e5+ Kg5 24. g3 Nxd4 25. f4+ Kg4 26. Kf2 Rxa2+ 27. Ke3 Nc2+ 28. Kf2 Nd4+ 29. Ke3 Nc2+ 30. Kf2 1/2-1/2

[Event "Split op 12th"]
[Site "Split"]
[Date "2023.08.08"]
[Round "5"]
[White "Loncar, Robert"]
[Black "Nomindalai, Tumurbaatar"]
[Result "0-1"]
[WhiteElo "2353"]
[BlackElo "2110"]
[PlyCount "98"]
[EventDate "2023.08.05"]
[EventType "swiss"]
[EventRounds "9"]
[EventCountry "CRO"]
[SourceTitle "CBM 215 Extra"]
[Source "ChessBase"]
[SourceDate "2023.09.30"]
[SourceVersion "1"]
[SourceVersionDate "2023.09.30"]
[SourceQuality "1"]

1. d4 Nf6 2. c4 g6 3. Nc3 Bg7 4. e4 d6 5. h3 0-0 6. Be3 c5 7. d5 e6 8. Bd3 exd5 9. cxd5 Re8 10. Nf3 Na6 11. 0-0 Nc7 12. a4 a6 13. Re1 Rb8 14. a5 Bd7 15. Bf4 Bb5 16. Bc2 b6 17. axb6 Rxb6 18. Qd2 Bc4 19. Qc1 Bb3 20. Bxb3 Rxb3 21. Nd2 Rb4 22. Bg5 h6 23. Be3 Nd7 24. Qc2 Qb8 25. Rab1 Ne5 26. Na2 Rb7 27. f4 Nd7 28. Nc4 Nb5 29. Kh1 Nd4 30. Qd3 Rb3 31. Nc3 Nf6 32. Bg1 a5 33. Nxa5 Rxb2 34. e5 Nd7 35. Nc6 Rxb1 36. Nxb8 Rxe1 37. Nxd7 dxe5 38. fxe5 Rd8 39. Nf6+ Kh8 40. Qg3 Rc1 41. Qe3 Rf1 42. Kh2 Ra8 43. Nce4 Ra2 44. Ng3 Nf3+ 45. Kh1 Rxg1+ 46. Qxg1 Nxg1 47. Kxg1 Bxf6 48. exf6 Rd2 49. Kf1 Rxd5 0-1

[Event "Split op 12th"]
[Site "Split"]
[Date "2023.08.06"]
[Round "2"]
[White "Loncar, Robert"]
[Black "Shnurov, Daniil"]
[Result "1-0"]
[WhiteElo "2353"]
[BlackElo "2005"]
[PlyCount "105"]
[EventDate "2023.08.05"]
[EventType "swiss"]
[EventRounds "9"]
[EventCountry "CRO"]
[SourceTitle "CBM 215 Extra"]
[Source "ChessBase"]
[SourceDate "2023.09.30"]
[SourceVersion "1"]
[SourceVersionDate "2023.09.30"]
[SourceQuality "1"]

1. d4 Nf6 2. Nf3 g6 3. c4 Bg7 4. Nc3 0-0 5. e4 d6 6. Bd3 Bg4 7. Be2 Nbd7 8. Ng1 Bxe2 9. Ngxe2 e5 10. d5 Ne8 11. 0-0 a5 12. Be3 Nc5 13. Qd2 f5 14. exf5 gxf5 15. f4 e4 16. Nd4 Qd7 17. Nce2 Nf6 18. h3 Nh5 19. Kh2 Nf6 20. Ng3 Ne8 21. Rg1 Rf7 22. Nh5 Nf6 23. Nxf6+ Rxf6 24. g4 fxg4 25. Rxg4 Rg6 26. Rag1 Rxg4 27. Rxg4 Kh8 28. f5 Qf7 29. Qg2 Rg8 30. Kh1 Bf6 31. Ne6 Rxg4 32. hxg4 Nd3 33. Qxe4 Nxb2 34. Bd4 Kg8 35. Qc2 Bxd4 36. Nxd4 Qf6 37. Qxb2 Qh4+ 38. Kg1 Qg3+ 39. Kf1 Qh3+ 40. Ke1 Qg3+ 41. Qf2 Qc3+ 42. Qd2 Qxc4 43. Qg5+ Kf7 44. Ne6 Qe4+ 45. Kf2 Qc2+ 46. Kg3 Qc3+ 47. Kh4 Qe1+ 48. Kh5 Qh1+ 49. Qh4 Qxd5 50. Kh6 Qe5 51. Kxh7 c5 52. Qh6 c4 53. Qf8# 1-0

[Event "CRO-chT1A 30th"]
[Site "Porec"]
[Date "2022.10.02"]
[Round "9.3"]
[White "Loncar, Robert"]
[Black "Franic, Milan"]
[Result "1/2-1/2"]
[WhiteElo "2367"]
[BlackElo "2365"]
[PlyCount "31"]
[EventDate "2022.09.24"]
[EventType "team-tourn"]
[EventRounds "9"]
[EventCountry "CRO"]
[SourceTitle "CBM 210 Extra"]
[Source "ChessBase"]
[SourceDate "2022.11.30"]
[SourceVersion "1"]
[SourceVersionDate "2022.11.30"]
[SourceQuality "1"]
[WhiteTeam "Kastel Novi"]
[BlackTeam "Pula"]
[WhiteTeamCountry "CRO"]
[BlackTeamCountry "CRO"]

1. e4 e5 2. Nf3 Nc6 3. Bb5 a6 4. Ba4 Nf6 5. d3 d6 6. 0-0 Be7 7. c3 0-0 8. Re1 Re8 9. Nbd2 Bf8 10. Nf1 b5 11. Bc2 h6 12. Ng3 g6 13. a4 Bd7 14. axb5 axb5 15. Rxa8 Qxa8 16. Nf1 1/2-1/2

[Event "CRO Cup"]
[Site "Vodice"]
[Date "2022.05.18"]
[Round "1.5"]
[White "Loncar, Robert"]
[Black "Leakovic, Ivica"]
[Result "0-1"]
[WhiteElo "2370"]
[BlackElo "2103"]
[PlyCount "116"]
[EventDate "2022.05.18"]
[EventType "team-swiss"]
[EventRounds "6"]
[EventCountry "CRO"]
[SourceTitle "CBM 208 Extra"]
[Source "ChessBase"]
[SourceDate "2022.07.31"]
[SourceVersion "1"]
[SourceVersionDate "2022.07.31"]
[SourceQuality "1"]
[WhiteTeam "Kastel Novi Sedlar"]
[BlackTeam "Nasice Slavonac"]
[WhiteTeamCountry "CRO"]
[BlackTeamCountry "CRO"]

1. d4 d5 2. c4 e6 3. Nf3 Nf6 4. Nc3 Be7 5. Bf4 c6 6. e3 Bb4 7. a3 Bxc3+ 8. bxc3 dxc4 9. Bxc4 Nd5 10. Be5 Nd7 11. Bxg7 Rg8 12. Be5 Nxe5 13. Nxe5 Rxg2 14. Qf3 Rg7 15. Kd2 Qe7 16. Rhg1 f6 17. Qh5+ Kd8 18. Qh6 Rxg1 19. Rxg1 Qxa3 20. Bxd5 Qb2+ 21. Kd3 exd5 22. Qxf6+ Kc7 23. Qe7+ Kb6 24. Qb4+ Qxb4 25. cxb4 a5 26. bxa5+ Rxa5 27. Rb1+ Kc7 28. Rg1 Ra2 29. Rg7+ Kb6 30. Rf7 Be6 31. Rf6 Bh3 32. Kc3 Ra1 33. Nd3 Kb5 34. Nf4 Bf1 35. Rf7 b6 36. Rxh7 Ra2 37. Ne6 Rxf2 38. Nc7+ Ka5 39. Na8 Ka6 40. h4 Re2 41. Nc7+ Ka5 42. Re7 Rh2 43. Rf7 Bc4 44. Na8 Ka6 45. h5 Kb5 46. Rb7 Ka6 47. Rh7 Re2 48. Re7 Rh2 49. h6 Rxh6 50. Kb4 b5 51. Kc5 Rg6 52. Nc7+ Ka5 53. Nxd5 cxd5 54. e4 dxe4 55. d5 Ka4 56. d6 Rg5+ 57. Kc6 b4 58. Rxe4 Bd5+ 0-1

[Event "CRO-chT1A 29th"]
[Site "Mali Losinj"]
[Date "2021.09.28"]
[Round "4.3"]
[White "Loncar, Robert"]
[Black "Zelenika, Srdjan"]
[Result "1-0"]
[WhiteElo "2374"]
[BlackElo "2214"]
[PlyCount "69"]
[EventDate "2021.09.25"]
[EventType "team-tourn"]
[EventRounds "9"]
[EventCountry "CRO"]
[SourceTitle "CBM 204 Extra"]
[Source "ChessBase"]
[SourceDate "2021.11.30"]
[SourceVersion "1"]
[SourceVersionDate "2021.11.30"]
[SourceQuality "1"]
[WhiteTeam "Kastel Novi"]
[BlackTeam "Rijeka Rijeka"]
[WhiteTeamCountry "CRO"]
[BlackTeamCountry "CRO"]

1. d4 Nf6 2. c4 g6 3. Nc3 Bg7 4. e4 d6 5. h3 0-0 6. Be3 e5 7. d5 Na6 8. Nf3 Nc5 9. Nd2 a5 10. Be2 Bd7 11. g4 Ne8 12. h4 c6 13. g5 Nc7 14. Nb3 Nxb3 15. axb3 c5 16. Bg4 Be8 17. Qf3 f5 18. gxf6 Bxf6 19. Qh3 h5 20. Be2 Kh7 21. Kd2 Bd7 22. Qg3 Qe7 23. Rag1 Rg8 24. Bd3 Rae8 25. Rg2 Qf7 26. Ne2 Bg7 27. Rhg1 Bh6 28. f4 Bg4 29. fxe5 Rxe5 30. Rf2 Bxe3+ 31. Qxe3 Qe7 32. Rgf1 Rg7 33. Rf8 Qxh4 34. R1f7 Re7 35. Rh8+ 1-0

[Event "CRO-chT1A 29th"]
[Site "Mali Losinj"]
[Date "2021.09.27"]
[Round "3.3"]
[White "Palac, Mladen"]
[Black "Loncar, Robert"]
[Result "1/2-1/2"]
[WhiteElo "2529"]
[BlackElo "2374"]
[PlyCount "79"]
[EventDate "2021.09.25"]
[EventType "team-tourn"]
[EventRounds "9"]
[EventCountry "CRO"]
[SourceTitle "CBM 204 Extra"]
[Source "ChessBase"]
[SourceDate "2021.11.30"]
[SourceVersion "1"]
[SourceVersionDate "2021.11.30"]
[SourceQuality "1"]
[WhiteTeam "Zagreb Zagreb"]
[BlackTeam "Kastel Novi"]
[WhiteTeamCountry "CRO"]
[BlackTeamCountry "CRO"]

1. e4 c5 2. Nf3 e6 3. Be2 Nc6 4. 0-0 Qc7 5. d4 cxd4 6. Nxd4 Nf6 7. Nc3 a6 8. Be3 Be7 9. f4 d6 10. Qe1 Bd7 11. Kh1 0-0 12. Qg3 b5 13. a3 Rac8 14. Rae1 Nxd4 15. Bxd4 Bc6 16. Bd3 g6 17. f5 Nh5 18. Qh3 e5 19. Be3 Bf6 20. Bh6 Nf4 21. Qg4 Rfe8 22. Bxf4 exf4 23. Qxf4 Rf8 24. Nd5 Bxd5 25. exd5 g5 26. Qf3 Rce8 27. Re4 Rxe4 28. Qxe4 Kg7 29. c3 Qc5 30. g3 a5 31. Kg2 Rb8 32. Rf2 Rb7 33. Qf3 Re7 34. Re2 Rxe2+ 35. Bxe2 b4 36. cxb4 axb4 37. axb4 Qxb4 38. b3 Qd2 39. Qd3 Qb2 40. Kh3 1/2-1/2

[Event "Rijeka Paris Memorial 40th"]
[Site "Rijeka"]
[Date "2019.10.25"]
[Round "9"]
[White "Derencinovic, Radoslav"]
[Black "Loncar, Robert"]
[Result "0-1"]
[WhiteElo "1864"]
[BlackElo "2406"]
[PlyCount "50"]
[EventDate "2019.10.18"]
[EventType "swiss"]
[EventRounds "9"]
[EventCountry "CRO"]
[SourceTitle "CBM 192 Extra"]
[Source "Chessbase"]
[SourceDate "2019.11.06"]
[SourceVersion "1"]
[SourceVersionDate "2019.11.06"]
[SourceQuality "1"]

1. g3 d5 2. d4 Bf5 3. Bg2 c6 4. Nd2 Nf6 5. c4 e6 6. Ngf3 Nbd7 7. 0-0 h6 8. cxd5 exd5 9. a3 Bd6 10. Re1 0-0 11. Nh4 Bh7 12. e4 dxe4 13. Nxe4 Nxe4 14. Bxe4 Bxe4 15. Rxe4 Nf6 16. Re2 Qd7 17. Kg2 Bc7 18. Be3 Qd5+ 19. Kg1 Rfe8 20. Rd2 Re4 21. Qf3 Rae8 22. Rd3 Ng4 23. Rad1 Nxh2 24. Kxh2 Rxh4+ 25. Kg2 Rh2+ 0-1

[Event "Rijeka Paris Memorial 40th"]
[Site "Rijeka"]
[Date "2019.10.19"]
[Round "2"]
[White "Loncar, Robert"]
[Black "Levar, Nenad"]
[Result "1-0"]
[WhiteElo "2406"]
[BlackElo "2086"]
[PlyCount "115"]
[EventDate "2019.10.18"]
[EventType "swiss"]
[EventRounds "9"]
[EventCountry "CRO"]
[SourceTitle "CBM 192 Extra"]
[Source "Chessbase"]
[SourceDate "2019.11.06"]
[SourceVersion "1"]
[SourceVersionDate "2019.11.06"]
[SourceQuality "1"]

1. Nf3 d5 2. c4 c6 3. e3 f5 4. Nc3 Nf6 5. d4 e6 6. Bd3 Bd6 7. 0-0 0-0 8. b3 Bd7 9. Bb2 Be8 10. Ne5 Nbd7 11. cxd5 exd5 12. f4 Ne4 13. Nxe4 fxe4 14. Be2 Nxe5 15. dxe5 Bc5 16. Bd4 Bb6 17. Rc1 Bd7 18. Qd2 Qe7 19. b4 Be6 20. a4 Qd7 21. h3 Bd8 22. g4 g6 23. Rf2 b6 24. Rcf1 a5 25. b5 c5 26. Bb2 Bh4 27. Rg2 Qd8 28. Rd1 Bf7 29. f5 Bg5 30. e6 Bxe6 31. fxe6 d4 32. Bc4 Qe7 33. Qe1 Bxe3+ 34. Kh1 Rf3 35. Rh2 Raf8 36. Bc1 Bxc1 37. Rxc1 R8f4 38. Kg1 Kg7 39. Rcc2 d3 40. Qa1+ Kh6 41. Rcf2 Qh4 42. Rxf3 Rxf3 43. Qc1+ e3 44. Bxd3 Qg3+ 45. Rg2 Qd6 46. g5+ Kg7 47. Qa1+ Qd4 48. Qxd4+ cxd4 49. Rg4 Rxh3 50. Rxd4 Rg3+ 51. Kf1 Rxg5 52. Bc4 Re5 53. Rd7+ Kf6 54. Rxh7 e2+ 55. Ke1 g5 56. Rf7+ Kg6 57. Bd3+ Kh6 58. Rh7# 1-0

[Event "CRO Cup"]
[Site "Mali Losinj"]
[Date "2019.05.19"]
[Round "6.42"]
[White "Ascic, Pero"]
[Black "Loncar, Robert"]
[Result "1/2-1/2"]
[WhiteElo "2324"]
[BlackElo "2407"]
[PlyCount "63"]
[EventDate "2019.05.15"]
[EventType "team-swiss"]
[EventRounds "6"]
[EventCountry "CRO"]
[SourceTitle "CBM 190 Extra"]
[Source "ChessBase"]
[SourceDate "2019.07.15"]
[SourceVersion "1"]
[SourceVersionDate "2019.07.15"]
[SourceQuality "1"]
[WhiteTeam "Dakovo"]
[BlackTeam "Kastel Novi Sedlar"]
[WhiteTeamCountry "CRO"]
[BlackTeamCountry "CRO"]

1. e4 e5 2. Nf3 Nc6 3. Bb5 a6 4. Bxc6 dxc6 5. d4 exd4 6. Qxd4 Qxd4 7. Nxd4 Bd7 8. Be3 0-0-0 9. Nc3 Bb4 10. 0-0-0 Bxc3 11. bxc3 Re8 12. Nf3 Bg4 13. Bd4 Nf6 14. Bxf6 gxf6 15. Rde1 Bxf3 16. gxf3 Rhg8 17. Reg1 Rg6 18. Rg3 Re5 19. Kd2 Ra5 20. Ra1 Rh5 21. Rh1 Kd7 22. Ke3 Ra5 23. Ra1 Rc5 24. Kd4 Rh5 25. Rh1 f5 26. c4 b6 27. h4 Rgh6 28. Rg8 Rxh4 29. Rxh4 Rxh4 30. Ke5 fxe4 31. fxe4 Ke7 32. f4 1/2-1/2

[Event "CRO Cup"]
[Site "Mali Losinj"]
[Date "2019.05.18"]
[Round "5.62"]
[White "Loncar, Robert"]
[Black "Zufic, Miroslav"]
[Result "1/2-1/2"]
[WhiteElo "2407"]
[BlackElo "2388"]
[PlyCount "42"]
[EventDate "2019.05.15"]
[EventType "team-swiss"]
[EventRounds "6"]
[EventCountry "CRO"]
[SourceTitle "CBM 190 Extra"]
[Source "ChessBase"]
[SourceDate "2019.07.15"]
[SourceVersion "1"]
[SourceVersionDate "2019.07.15"]
[SourceQuality "1"]
[WhiteTeam "Kastel Novi Sedlar"]
[BlackTeam "Pula"]
[WhiteTeamCountry "CRO"]
[BlackTeamCountry "CRO"]

1. e4 e5 2. Nf3 Nc6 3. Bb5 a6 4. Ba4 Nf6 5. 0-0 Be7 6. Re1 b5 7. Bb3 d6 8. c3 0-0 9. h3 Nb8 10. d4 Nbd7 11. Nbd2 Bb7 12. Bc2 Re8 13. Nf1 Bf8 14. Ng3 g6 15. a4 c5 16. d5 c4 17. Bg5 h6 18. Be3 Nc5 19. Qd2 Kh7 20. Ra3 Qc7 21. Rea1 Nfd7 1/2-1/2

[Event "Bled Planinc Memorial 1st"]
[Site "Bled"]
[Date "2018.11.24"]
[Round "6"]
[White "Loncar, Robert"]
[Black "Plesec, Damjan"]
[Result "1-0"]
[WhiteElo "2397"]
[BlackElo "2250"]
[PlyCount "125"]
[EventDate "2018.11.24"]
[EventType "swiss (blitz)"]
[EventRounds "9"]
[EventCountry "SLO"]
[SourceTitle "CBM 187 Extra"]
[Source "ChessBase"]
[SourceDate "2018.11.04"]
[SourceVersion "1"]
[SourceVersionDate "2018.11.04"]
[SourceQuality "1"]

1. d4 Nf6 2. Nf3 d5 3. c4 c6 4. Nc3 g6 5. cxd5 cxd5 6. Bf4 a6 7. h3 Bg7 8. e3 0-0 9. Bd3 Nc6 10. Rc1 h6 11. Ne5 Nxe5 12. Bxe5 Be6 13. 0-0 b5 14. a4 b4 15. Ne2 Ne8 16. Bh2 Nd6 17. Nf4 Qd7 18. Qf3 Ne4 19. Bxe4 dxe4 20. Qxe4 Bf5 21. Qc6 e5 22. Qxd7 Bxd7 23. Nd5 exd4 24. Nb6 Ra7 25. Rfd1 d3 26. Bd6 Re8 27. Bxb4 Bxb2 28. Rc5 Bf5 29. Nc4 Bg7 30. Nd6 Rb8 31. Nxf5 Rxb4 32. Nxg7 Kxg7 33. Rxd3 Rxa4 34. g4 Rb4 35. Ra5 Rb5 36. Ra4 a5 37. Rda3 Rc5 38. Kf1 Rb5 39. Ke2 Rd5 40. f4 Rb5 41. Kd3 Rc5 42. Rd4 h5 43. g5 Rb5 44. e4 Rc7 45. Rd5 Rb1 46. Rdxa5 Rd1+ 47. Ke3 Rh1 48. Kd4 Rd1+ 49. Rd3 Rf1 50. f5 Rd7+ 51. Ke3 Rxd3+ 52. Kxd3 gxf5 53. exf5 Rf3+ 54. Ke4 Rxh3 55. Ra7 Kg8 56. Ra8+ Kg7 57. f6+ Kh7 58. Rf8 h4 59. Rxf7+ Kg8 60. Rg7+ Kh8 61. Ra7 Rg3 62. Kf5 h3 63. Kg6 1-0

[Event "Bled Planinc Memorial 1st"]
[Site "Bled"]
[Date "2018.11.24"]
[Round "2"]
[White "Loncar, Robert"]
[Black "Unuk, Laura"]
[Result "1-0"]
[WhiteElo "2397"]
[BlackElo "2248"]
[PlyCount "111"]
[EventDate "2018.11.24"]
[EventType "swiss (blitz)"]
[EventRounds "9"]
[EventCountry "SLO"]
[SourceTitle "CBM 187 Extra"]
[Source "ChessBase"]
[SourceDate "2018.11.04"]
[SourceVersion "1"]
[SourceVersionDate "2018.11.04"]
[SourceQuality "1"]

1. d4 Nf6 2. c4 e6 3. Nf3 d5 4. e3 Be7 5. Nc3 0-0 6. a3 b6 7. Bd3 dxc4 8. Bxc4 Bb7 9. 0-0 c5 10. Qe2 Nbd7 11. Rd1 Qb8 12. h3 cxd4 13. exd4 Bd6 14. Bg5 h6 15. Be3 a6 16. Rac1 b5 17. Ba2 Nb6 18. Ne5 Qd8 19. Bb1 Rc8 20. Ng4 Nfd5 21. Nxh6+ gxh6 22. Qg4+ Kh8 23. Bxh6 Qf6 24. Qh5 Kg8 25. Ne4 Qg6 26. Qxg6+ fxg6 27. Nxd6 Rxc1 28. Rxc1 Rb8 29. Bxg6 Ba8 30. h4 Rd8 31. Ne4 Nc4 32. Bg5 Rf8 33. Nc5 Nf4 34. Bxf4 Rxf4 35. g3 Rxd4 36. Nxe6 Rd6 37. Nf4 Bb7 38. h5 Ne5 39. Kf1 Bf3 40. Re1 Ng4 41. Be4 Bxe4 42. Rxe4 Rd1+ 43. Kg2 Rb1 44. Nd3 Nf6 45. Re5 Rd1 46. Rf5 Ne4 47. Re5 Nd6 48. Rd5 Nc4 49. g4 Nxb2 50. Nf4 Rxd5 51. Nxd5 Nc4 52. g5 Nxa3 53. h6 Nc4 54. g6 Ne5 55. Nf6+ Kf8 56. g7+ 1-0

[Event "CRO-chT1A 27th"]
[Site "Biograd"]
[Date "2018.09.10"]
[Round "3.45"]
[White "Loncar, Robert"]
[Black "Dutina, Dario"]
[Result "1/2-1/2"]
[WhiteElo "2409"]
[BlackElo "2245"]
[PlyCount "96"]
[EventDate "2018.09.08"]
[EventType "team-tourn"]
[EventRounds "9"]
[EventCountry "CRO"]
[SourceTitle "CBM 186 Extra"]
[Source "ChessBase"]
[SourceDate "2018.08.24"]
[SourceVersion "1"]
[SourceVersionDate "2018.08.24"]
[SourceQuality "1"]
[WhiteTeam "Kastel Novi"]
[BlackTeam "Sesvete Sljeme"]
[WhiteTeamCountry "CRO"]
[BlackTeamCountry "CRO"]

1. d4 e6 2. Nf3 d5 3. c4 c6 4. Bg5 Bb4+ 5. Nc3 f6 6. Bd2 Ne7 7. Qb3 Ba5 8. g3 Nf5 9. e3 Nd6 10. cxd5 exd5 11. Bg2 0-0 12. 0-0 Kh8 13. Rfe1 Nd7 14. Qc2 Nb6 15. Nh4 Nbc4 16. Bc1 g5 17. Nf3 Bf5 18. Qb3 Qd7 19. Nd2 b5 20. Nxc4 bxc4 21. Qa4 Bxc3 22. bxc3 Rfe8 23. Ba3 Ne4 24. Rac1 g4 25. Re2 Rab8 26. Rb2 Rxb2 27. Bxb2 Ng5 28. Ba3 Rb8 29. Bb4 Be4 30. Bxe4 Nxe4 31. Qc2 Kg7 32. Rb1 Qf5 33. Rb2 Rb6 34. Qa4 Qd7 35. Qa3 Qb7 36. Bf8+ Kf7 37. Rxb6 axb6 38. Bh6 c5 39. Kg2 Kg6 40. Bf4 Kf7 41. Qb2 Qa6 42. dxc5 Nxc5 43. h3 h5 44. hxg4 hxg4 45. Qb1 Nd3 46. Qh1 Qxa2 47. Qh7+ Ke8 48. Qg8+ Ke7 1/2-1/2

[Event "CRO-chT1A 27th"]
[Site "Biograd"]
[Date "2018.09.09"]
[Round "2.25"]
[White "Medak, Bojan"]
[Black "Loncar, Robert"]
[Result "1/2-1/2"]
[WhiteElo "2367"]
[BlackElo "2409"]
[PlyCount "55"]
[EventDate "2018.09.08"]
[EventType "team-tourn"]
[EventRounds "9"]
[EventCountry "CRO"]
[SourceTitle "CBM 186 Extra"]
[Source "ChessBase"]
[SourceDate "2018.08.24"]
[SourceVersion "1"]
[SourceVersionDate "2018.08.24"]
[SourceQuality "1"]
[WhiteTeam "Dakovo"]
[BlackTeam "Kastel Novi"]
[WhiteTeamCountry "CRO"]
[BlackTeamCountry "CRO"]

1. c4 Nf6 2. Nf3 e6 3. g3 d5 4. Bg2 d4 5. e3 c5 6. 0-0 Nc6 7. exd4 cxd4 8. d3 h6 9. Na3 Bc5 10. Re1 0-0 11. Ne5 Nxe5 12. Rxe5 Bd6 13. Re1 e5 14. c5 Bxc5 15. Rxe5 Bd6 16. Re1 Bb4 17. Bd2 Bg4 18. Qc2 Rc8 19. Nc4 Bxd2 20. Qxd2 Rc7 21. Rac1 Be6 22. Na5 Bd5 23. Bxd5 Nxd5 24. Rxc7 Nxc7 25. Nxb7 Qd5 26. Na5 Ne6 27. h4 Qxa2 28. Nc4 1/2-1/2

[Event "Hum na Sutli op 12th"]
[Site "Hum na Sutli"]
[Date "2018.08.25"]
[Round "1"]
[White "Loncar, Robert"]
[Black "Novosel, Vladimir"]
[Result "1-0"]
[WhiteElo "2426"]
[BlackElo "1933"]
[PlyCount "108"]
[EventDate "2018.08.25"]
[EventType "swiss"]
[EventRounds "9"]
[EventCountry "CRO"]
[SourceTitle "CBM 186 Extra"]
[Source "ChessBase"]
[SourceDate "2018.08.24"]
[SourceVersion "1"]
[SourceVersionDate "2018.08.24"]
[SourceQuality "1"]

1. d4 d5 2. c4 c6 3. Nf3 Nf6 4. e3 g6 5. Nc3 Bg7 6. Bd3 0-0 7. 0-0 Nbd7 8. cxd5 cxd5 9. b3 Re8 10. Bb2 Nb6 11. a4 Bf5 12. Bb5 Bd7 13. Rc1 a6 14. Be2 Bf5 15. Ne5 Nbd7 16. a5 Nxe5 17. dxe5 Nd7 18. Nxd5 Rc8 19. Rxc8 Qxc8 20. Qa1 Be4 21. Bc4 e6 22. Nf6+ Nxf6 23. exf6 Bh6 24. Bd4 Qc6 25. Rc1 Qd6 26. Be5 Qb4 27. Rd1 Bf8 28. Qc3 Qxc3 29. Bxc3 Bc6 30. f3 Bc5 31. Kf2 Ba7 32. Be5 h6 33. h4 Bc5 34. g4 Bb4 35. Bc7 Rc8 36. Bd8 Kf8 37. Bb6 Bc3 38. g5 h5 39. e4 Be5 40. Ke3 Ke8 41. f4 Bc7 42. Bxc7 Rxc7 43. f5 exf5 44. exf5 gxf5 45. Kf4 Be4 46. Be2 Rc5 47. Bxh5 Rc8 48. g6 fxg6 49. Bxg6+ Kf8 50. Rd2 Kg8 51. Rd7 Kf8 52. Rh7 Bd5 53. Rh8+ Bg8 54. f7 Kg7 1-0

[Event "Bjelovar op"]
[Site "Bjelovar"]
[Date "2018.08.05"]
[Round "7"]
[White "Kovacevic, Veljko"]
[Black "Loncar, Robert"]
[Result "1-0"]
[WhiteElo "2178"]
[BlackElo "2425"]
[PlyCount "117"]
[EventDate "2018.08.02"]
[EventType "swiss"]
[EventRounds "7"]
[EventCountry "CRO"]
[SourceTitle "CBM 185 Extra"]
[Source "ChessBase"]
[SourceDate "2018.07.29"]
[SourceVersion "1"]
[SourceVersionDate "2018.07.29"]
[SourceQuality "1"]

1. c4 e6 2. d4 Nf6 3. Nc3 d5 4. Bg5 dxc4 5. e3 a6 6. Bxc4 c5 7. dxc5 Qa5 8. Qa4+ Nc6 9. Nf3 Qxc5 10. Be2 Qb4 11. Qxb4 Bxb4 12. Bxf6 gxf6 13. Rc1 Bd7 14. 0-0 Ke7 15. a3 Bxc3 16. Rxc3 Rhd8 17. Rd1 Rac8 18. Rdc1 Be8 19. Kf1 Rd6 20. Ke1 Rcd8 21. Rd1 Rxd1+ 22. Bxd1 Rd5 23. Be2 Bd7 24. b4 h6 25. Bc4 Rh5 26. h4 e5 27. g3 e4 28. Nd4 Nd8 29. Nb3 Bb5 30. Nc5 Bc6 31. Rc2 Re5 32. Bb3 f5 33. Kd2 Bd5 34. Kc3 Bxb3 35. Nxb3 Rd5 36. Rd2 Rxd2 37. Nxd2 Nc6 38. Nb3 Kd6 39. Nc5 b6 40. Nxa6 Ne5 41. a4 Ng4 42. a5 bxa5 43. bxa5 Nxf2 44. Kd4 Nh1 45. Nc5 Kc6 46. a6 Kb6 47. Ke5 Nxg3 48. Kf4 Nf1 49. h5 Nd2 50. Nd7+ Kxa6 51. Ne5 Kb5 52. Nxf7 Kc4 53. Nxh6 Kd5 54. Nxf5 Nf3 55. h6 Ne5 56. h7 Ke6 57. Nd4+ Kd5 58. Kf5 Nf7 59. Kf6 1-0

[Event "Bjelovar op"]
[Site "Bjelovar"]
[Date "2018.08.04"]
[Round "6"]
[White "Loncar, Robert"]
[Black "Ivekovic, Zvonimir"]
[Result "0-1"]
[WhiteElo "2425"]
[BlackElo "2415"]
[PlyCount "126"]
[EventDate "2018.08.02"]
[EventType "swiss"]
[EventRounds "7"]
[EventCountry "CRO"]
[SourceTitle "CBM 185 Extra"]
[Source "ChessBase"]
[SourceDate "2018.07.29"]
[SourceVersion "1"]
[SourceVersionDate "2018.07.29"]
[SourceQuality "1"]

1. Nf3 c5 2. g3 Nf6 3. Bg2 g6 4. b3 Bg7 5. Bb2 d5 6. 0-0 Nc6 7. Ne5 Nxe5 8. Bxe5 d4 9. Na3 0-0 10. Nc4 Nd5 11. Bxg7 Kxg7 12. e3 b5 13. Ne5 Qd6 14. exd4 cxd4 15. Qe2 Rb8 16. a4 a6 17. axb5 axb5 18. Rfe1 Be6 19. Nd3 Rfc8 20. Bxd5 Bxd5 21. Qxe7 Qxe7 22. Rxe7 Kf6 23. Re5 Be6 24. Rc5 Bf5 25. Ra6+ Ke7 26. Rxc8 Rxc8 27. Nb4 Bxc2 28. Nc6+ Kf8 29. Nxd4 Bd3 30. f3 Rd8 31. Nc6 Re8 32. f4 Re2 33. Ne5 Bc2 34. Rb6 Bxb3 35. Rxb5 Be6 36. d3 Bh3 37. Rb1 Rg2+ 38. Kh1 Rd2 39. Kg1 f6 40. Nc4 Rxd3 41. Rb2 Rf3 42. Nd2 Re3 43. Kf2 Re7 44. Nc4 h5 45. Rb6 Kg7 46. Nd6 Bg4 47. Rb7 Rxb7 48. Nxb7 g5 49. h4 gxh4 50. gxh4 Kf7 51. Nc5 Kg6 52. Ke3 Kf5 53. Ne4 Bh3 54. Nd6+ Kg4 55. Ne4 f5 56. Nf6+ Kxh4 57. Kf3 Bg4+ 58. Kg2 Bd1 59. Kf2 Kh3 60. Ke1 Kg3 61. Kxd1 h4 62. Nd5 h3 63. Ne3 Kf2 0-1

[Event "Bjelovar op"]
[Site "Bjelovar"]
[Date "2018.08.02"]
[Round "1"]
[White "Ivandija, Martin"]
[Black "Loncar, Robert"]
[Result "0-1"]
[WhiteElo "1704"]
[BlackElo "2425"]
[PlyCount "64"]
[EventDate "2018.08.02"]
[EventType "swiss"]
[EventRounds "7"]
[EventCountry "CRO"]
[SourceTitle "CBM 185 Extra"]
[Source "ChessBase"]
[SourceDate "2018.07.29"]
[SourceVersion "1"]
[SourceVersionDate "2018.07.29"]
[SourceQuality "1"]

1. d4 Nf6 2. c4 e6 3. Nc3 d5 4. cxd5 exd5 5. Bg5 c6 6. e3 h6 7. Bh4 Be6 8. Bd3 Nbd7 9. Nge2 g5 10. Bg3 Nh5 11. Qc2 Nxg3 12. hxg3 h5 13. Bh7 Nf6 14. Bf5 Qd7 15. Bxe6 Qxe6 16. Rc1 0-0-0 17. a3 Kb8 18. Na4 Ne4 19. Qb3 Rh6 20. f3 Nf6 21. Kf2 Qf5 22. Ke1 Nd7 23. g4 hxg4 24. Rxh6 Bxh6 25. Rxc6 gxf3 26. gxf3 Bf8 27. Kf2 Nf6 28. Kg2 g4 29. Nf4 gxf3+ 30. Kxf3 Qg4+ 31. Kf2 Ne4+ 32. Ke1 Qg1+ 0-1